000 00572nam a2200169Ia 4500
008 090711s9999 xx 000 0 und d
082 _b68266
100 _aबांदोडकर व. पु. / बांदोडकर गो. पु.
245 _aपॅथर
260 _c1992
300 _a252
600 _aबांदोडकर व. पु. / बांदोडकर गो. पु.
630 _aपॅथर
700 _aबांदोडकर व. पु. / बांदोडकर गो. पु.
730 _aपॅथर
942 _cBOOK
999 _c303780
_d303780